Evaluation
Αποθηκεύτηκε σε:
| Κύριος συγγραφέας: | |
|---|---|
| Άλλοι συγγραφείς: | |
| Μορφή: | Βιβλίο |
| Γλώσσα: | English |
| Δημοσίευση: |
Oxford ; New York :
Oxford University Press,
1993
|
| Σειρά: | Language teaching, a scheme for teacher education
|
| Θέματα: | |
| Ετικέτες: |
Προσθήκη ετικέτας
Δεν υπάρχουν, Καταχωρήστε ετικέτα πρώτοι!
|
MARC
| LEADER | 00000nam a2200000 i 4500 | ||
|---|---|---|---|
| 001 | 1/23630 | ||
| 008 | 960712s1993 eng d | ||
| 020 | |a 0-19-437138-7 | ||
| 035 | |l 10022121 | ||
| 040 | |a GR-MY-UA |b gre |e aacr | ||
| 041 | 0 | |a eng | |
| 082 | 0 | |a 428.24 | |
| 100 | 1 | |a Rea-Dickins, Pauline. | |
| 245 | 1 | 0 | |a Evaluation / |c Pauline Rea-Dickins, Kevin Germaine |
| 260 | |a Oxford ; New York : |b Oxford University Press, |c 1993 | ||
| 300 | |a 175 p. | ||
| 490 | 1 | |a Language teaching | |
| 504 | |a Includes index | ||
| 650 | 0 | 0 | |a English language |v Textbooks for foreign speakers. |
| 650 | 0 | 0 | |a English language |x Study and teaching. |
| 700 | 1 | |a Germaine, Kevin P. |d 1953- | |
| 830 | 0 | |a Language teaching, a scheme for teacher education | |
| 852 | |a INST |b CHIOS |e 19960712 |h 428.24 REA |p 005200002130 |q 005200002130 |t BK |y 0 | ||
| 909 | |a Χ |b 032317 | ||